000 00266nam a2200097Ia 4500
008 240331s9999 xx 000 0 und d
082 _bWIJ
100 _aWijayathilake, D
245 0 _aCases field under the prevention of domestic violence act, No.34 of 2005
942 _cL
999 _c1320
_d1320